000 00431nam a2200193Ia 4500
005 20250603145751.0
008 250603s9999 xx 000 0 und d
020 _a9781292023977
050 _aQ 180.55 .S7 S28/
100 _aSamue,l M.
245 0 _aStatistics for the life scienc
250 _a4th ed.
260 _aHarlow
260 _bPearson
260 _c2014
300 _a634 p
650 _aHarlow
942 _cBK
999 _c42793
_d42793